| 000 | 00554nam a22001697a 4500 | ||
|---|---|---|---|
| 005 | 20231113075525.0 | ||
| 008 | 231113b |||||||| |||| 00| 0 eng d | ||
| 020 | _a9991673644 | ||
| 041 | _aEnglish | ||
| 082 | _a346.046 MAL | ||
| 100 |
_aMalan, J and Hinz, MO _lEnglish |
||
| 245 |
_aCommunal Land Administration : _bSecond National Traditonal Authority Conference / |
||
| 260 |
_aWindhoek : _bCentre of Applied Sciences, _c1997 |
||
| 300 |
_b237 pages ; _c30,4 cm. |
||
| 650 |
_aLegal practice _bLaw |
||
| 942 |
_cBK _6ALISON_BN_VRIES |
||
| 999 |
_c548 _d548 |
||